000
00200 a2200097 4500
001
46339
100
_a
Bailey, T
245
_a
Urdu
260
_a
London
_b
English University
_c
090
_c
29458
_d
29458
942
_a
NUST-CAE
_c
M
_c
21622
999
_c
281412
_d
281412